How many Mario Games can you Name? - Statistics

General Stats
  • This quiz has been taken 21 times
    13 since last reset
  • The average score is 55 of 263
Answer Stats
Dates and Systems Game % Correct
1985 Nintendo Entertainment System1986 Family Computer Disk System 1986 Game & Watch 1986 Arcade 1989 Nelsonic Game Watch 2020 Game & Watch (shell only) Super Mario Bros.
64%
1983 Arcade1983 Atari 2600 1983 Family Computer 1983 Atari 5200 1984 Commodore 64 1986 Nintendo Entertainment System 1987 Amstrad CPC 1987 Atari 7800 1987 ZX Spectrum 1987 Commodore 64 1988 Atari 8-bit family 2002 Nintendo e-Reader 2004 Game Boy Advance | 1983 Game & Watch Mario Bros.
55%
1998 Nintendo 64 Mario Party
55%
2006 Nintendo DS New Super Mario Bros.
55%
1996 Nintendo 64 Super Mario 64
55%
2007 Wii Super Mario Galaxy
55%
1991 Nintendo Entertainment System1991 Game Boy Yoshi
55%
1981 Arcade1982 Game & Watch 1982 Atari 2600 1982 Intellivision 1982 ColecoVision 1982 Coleco Mini-arcade 1983 Atari 8-bit family 1983 Family Computer 1983 TI-99/4A 1983 IBM Personal Computer 1983 VIC-20 1983 Commodore 64 1984 Apple II 1986 Commodore 64 1986 Nintendo Entertainment System 1986 MSX 1986 ZX Spectrum 1986 Amstrad CPC 1988 Family Computer Disk System 1988 Atari 7800 1994 Nelsonic Game Watch 2002 Nintendo e-Reader 2004 Game Boy Advance | 1994 Game Boy Donkey Kong
45%
1999 Nintendo 641999 Game Boy Color Mario Golf
45%
2011 Nintendo 3DS Mario Kart 7
45%
2014 Wii U Mario Kart 8
45%
2003 GameCube Mario Kart: Double Dash
45%
2008 Wii Mario Kart Wii
45%
1999 Nintendo 64 Mario Party 2
45%
2000 Nintendo 64 Mario Party 3
45%
2002 GameCube Mario Party 4
45%
2003 GameCube Mario Party 5
45%
2007 Wii2008 Nintendo DS Mario & Sonic at the Olympic Games
45%
2000 Nintendo 642000 Game Boy Color Mario Tennis
45%
2000 Nintendo 64 Paper Mario
45%
1992 Super Nintendo Entertainment System Super Mario Kart
45%
2018 Switch Super Mario Party
45%
1996 Super Nintendo Entertainment System Super Mario RPG: Legend of the Seven Stars
45%
2002 GameCube Super Mario Sunshine
45%
1995 Super Nintendo Entertainment System Super Mario World 2: Yoshi's Island
45%
2007 Wii Super Paper Mario
45%
2001 GameCube | 2018 Nintendo 3DS Luigi's Mansion
36%
2013 Nintendo 3DS Luigi's Mansion: Dark Moon
36%
1993 PC1993 Super Nintendo Entertainment System 1993 Nintendo Entertainment System Mario Is Missing!
36%
2017 Switch Mario Kart 8 Deluxe
36%
2009 Nintendo DS Mario & Luigi: Bowser's Inside Story
36%
2018 Nintendo 3DS Mario & Luigi: Bowser's Inside Story + Bowser Jr.'s Journey
36%
2013 Nintendo 3DS Mario & Luigi: Dream Team
36%
2015 Nintendo 3DS Mario & Luigi: Paper Jam
36%
2005 Nintendo DS Mario & Luigi: Partners in Time
36%
2003 Game Boy Advance Mario & Luigi: Superstar Saga
36%
2015 Wii U Mario Party 10
36%
2004 GameCube Mario Party 6
36%
2005 GameCube Mario Party 7
36%
2007 Wii Mario Party 8
36%
2012 Wii Mario Party 9
36%
2018 Switch Mario Tennis Aces
36%
2009 Wii New Super Mario Bros. Wii
36%
2016 Wii U Paper Mario: Color Splash
36%
2012 Nintendo 3DS Paper Mario: Sticker Star
36%
2020 Switch Paper Mario: The Origami King
36%
2004 GameCube Paper Mario: The Thousand-Year Door
36%
2011 Nintendo 3DS Super Mario 3D Land
36%
2013 Wii U Super Mario 3D World
36%
2021 Switch Super Mario 3D World + Bowser's Fury
36%
1988 Nintendo Entertainment System1988 Arcade 1989 Nelsonic Game Watch 1992 Family Computer Super Mario Bros. 2
36%
1988 Nintendo Entertainment System1989 Arcade 1990 Nelsonic Game Watch Super Mario Bros. 3
36%
1999 Game Boy Color Super Mario Bros. Deluxe
36%
2010 Wii Super Mario Galaxy 2
36%
2017 Switch Super Mario Odyssey
36%
2016 iOS2017 Android Super Mario Run
36%
1990 Super Nintendo Entertainment System Super Mario World
36%
1982 Arcade1982 Game & Watch 1982 Atari 2600 1982 ColecoVision 1983 Atari 8-bit family 1983 Family Computer 1983 Nintendo Entertainment System 1984 Coleco Adam 1986 Atari 7800 1988 Family Computer Disk System 2002 Nintendo e-Reader Donkey Kong Jr.
27%
2013 Wii U Dr. Luigi
27%
1990 Nintendo Entertainment System 1990 Game Boy 1991 Arcade Dr. Mario
27%
1994 Phillips CD-i Hotel Mario
27%
2019 Switch Luigi's Mansion 3
27%
2021 Switch Mario Golf: Super Rush
27%
2003 GameCube Mario Golf: Toadstool Tour
27%
1996 Nintendo 64 Mario Kart 64
27%
2005 Arcade Mario Kart Arcade GP
27%
2007 Arcade Mario Kart Arcade GP 2
27%
2005 Nintendo DS Mario Kart DS
27%
2001 Game Boy Advance Mario Kart: Super Circuit
27%
2019 iOS 2019 Android Mario Kart Tour
27%
2017 Nintendo 3DS Mario & Luigi: Superstar Saga + Bowser's Minions
27%
2005 Game Boy Advance Mario Party Advance
27%
2013 Nintendo 3DS Mario Party: Island Tour
27%
2016 Nintendo 3DS Mario Party: Star Rush
27%
2021 Switch Mario Party Superstars
27%
2017 Nintendo 3DS Mario Party: The Top 100
27%
1993 PC 1993 Super Nintendo Entertainment System 1994 Nintendo Entertainment System Mario's Time Machine
27%
2008 Wii Mario Super Sluggers
27%
1992 PC Mario Teaches Typing
27%
2004 Game Boy Advance Mario vs. Donkey Kong
27%
2006 Nintendo DS Mario vs. Donkey Kong 2: March of the Minis
27%
2012 Nintendo 3DS New Super Mario Bros. 2
27%
2012 Wii U New Super Mario Bros. U
27%
2019 Switch New Super Mario Bros. U Deluxe
27%
2020 Switch Super Mario 3D All-Stars
27%
1986 Family Computer Disk System Super Mario Bros.: The Lost Levels
27%
2023 Switch Super Mario Bros. Wonder
27%
1989 Game Boy Super Mario Land
27%
1992 Game Boy Super Mario Land 2: 6 Golden Coins
27%
2005 GameCube Super Mario Strikers
27%
2005 Nintendo DS Super Princess Peach
27%
1999 Nintendo 64 Super Smash Bros.
27%
2008 Wii Super Smash Bros. Brawl
27%
2014 Nintendo 3DS Super Smash Bros. for Nintendo 3DS
27%
2014 Wii U Super Smash Bros. for Wii U
27%
2001 GameCube Super Smash Bros. Melee
27%
2018 Switch Super Smash Bros. Ultimate
27%
1986 Arcade Vs. Super Mario Bros.
27%
1994 Game Boy Wario Land: Super Mario Land 3
27%
1985 Nintendo Entertainment System 1989 Family Computer Disk System 2004 Game Boy Advance Wrecking Crew
27%
1992 Nintendo Entertainment System 1992 Game Boy 1993 Super Nintendo Entertainment System Yoshi's Cookie
27%
2006 Nintendo DS Yoshi's Island DS
27%
2014 Nintendo 3DS Yoshi's New Island
27%
1993 Super Nintendo Entertainment System Yoshi's Safari
27%
2004 Game Boy Advance Yoshi's Universal Gravitation
27%
2005 Nintendo DS Yoshi Touch & Go
27%
2001 GameCube Animal Crossing
18%
2005 GameCube Dance Dance Revolution: Mario Mix
18%
1984 Game & Watch Donkey Kong Circus
18%
1995 Super Nintendo Entertainment System2004 Game Boy Advance Donkey Kong Country 2: Diddy's Kong Quest
18%
1982 Game & Watch Donkey Kong II
18%
1996 Game Boy Donkey Kong Land 2
18%
2001 Nintendo 64 Dr. Mario 64
18%
2019 iOS 2019 Android Dr. Mario World
18%
1984 Family Computer1985 Nintendo Entertainment System 1985 NEC PC-8801 1985 Sharp X1 1986 Family Computer Disk System 1989 Game Boy 2003 Nintendo e-Reader Golf
18%
1986 Family Computer Disk System I am a Teacher: Super Mario Sweater
18%
2000 Nintendo 64DD Mario Artist: Communication Kit
18%
1999 Nintendo 64DD Mario Artist: Paint Studio
18%
2000 Nintendo 64DD Mario Artist: Polygon Studio
18%
1984 NEC PC-88011984 FM-7 1984 Sharp X1 Mario Bros. Special
18%
1995 Virtual Boy Mario Clash
18%
2004 Game Boy Advance Mario Golf: Advance Tour
18%
2006 Nintendo DS Mario Hoops 3-on-3
18%
2020 Switch Mario Kart Live: Home Circuit
18%
1992 Super Nintendo Entertainment System Mario Paint
18%
2007 Nintendo DS Mario Party DS
18%
2004 GameCube 2009 Wii Mario Power Tennis
18%
2017 Switch Mario + Rabbids Kingdom Battle
18%
2022 Switch Mario + Rabbids Sparks of Hope
18%
1983 Game & Watch Mario's Bombs Away
18%
1983 Game & Watch Mario's Cement Factory
18%
1994 PC 1994 Super Nintendo Entertainment System Mario's Early Years! Fun with Letters
18%
1994 PC 1994 Super Nintendo Entertainment System Mario's Early Years! Fun with Numbers
18%
1994 PC 1994 Super Nintendo Entertainment System Mario's Early Years! Preschool Fun
18%
2019 Switch2020 Arcade Mario & Sonic at the Olympic Games Tokyo 2020
18%
2009 Wii2009 Nintendo DS Mario & Sonic at the Olympic Winter Games
18%
1995 Game Boy Mario's Picross
18%
2010 Wii Mario Sports Mix
18%
1995 Super Family Computer Mario's Super Picross
18%
2022 Switch Mario Strikers: Battle League
18%
2007 Wii Mario Strikers Charged
18%
1997 PC Mario Teaches Typing 2
18%
2015 Wii U Mario Tennis: Ultra Smash
18%
2016 Wii U 2016 Nintendo 3DS Mini Mario & Friends: Amiibo Challenge
18%
1984 NEC PC-88011984 FM-7 1984 Sharp X1 Punch Ball Mario Bros.
18%
2004 Nintendo DS Super Mario 64 DS
18%
2001 Game Boy Advance Super Mario Advance
18%
2003 Game Boy Advance Super Mario Advance 4: Super Mario Bros. 3
18%
1993 Super Nintendo Entertainment System Super Mario All-Stars
18%
2020 Switch Super Mario Bros. 35
18%
1986 NEC PC-88011986 Sharp X1 Super Mario Bros. Special
18%
2015 Wii U Super Mario Maker
18%
2019 Switch Super Mario Maker 2
18%
2016 Nintendo 3DS Super Mario Maker for Nintendo 3DS
18%
2001 Game Boy Advance Super Mario World: Super Mario Advance 2
18%
2003 Game Boy Advance WarioWare, Inc.: Mega Microgames!
18%
2002 Game Boy Advance Yoshi's Island: Super Mario Advance 3
18%
1997 Nintendo 64 Yoshi's Story
18%
1989 Game Boy Alleyway
9%
1986 Family Computer Disk System All Night Nippon Super Mario Bros.
9%
1989 Game Boy Baseball
9%
1995 Satellaview BS Super Mario USA Power Challenge
9%
2014 Wii U Captain Toad: Treasure Tracker
9%
2004 Game Boy Advance Classic NES Series: Donkey Kong
9%
2004 Game Boy Advance Classic NES Series: Dr. Mario
9%
2004 Game Boy Advance Classic NES Series: Super Mario Bros.
9%
1999 Nintendo 64 Donkey Kong 64
9%
1988 Nintendo Entertainment System Donkey Kong Classics
9%
1984 Game & Watch Donkey Kong Hockey
9%
1997 Satellaview Dr. Mario BS Version
9%
2008 Nintendo DSi Dr. Mario Express
9%
2015 Nintendo 3DS Dr. Mario: Miracle Cure
9%
2008 Wii Dr. Mario Online Rx
9%
2005 Game Boy Advance Dr. Mario & Puzzle League
9%
1995 Satellaview Excitebike: Bun Bun Mario Battle Stadium
9%
1990 Game Boy F1 Race
9%
1987 Family Computer Disk System Famicom Grand Prix: F-1 Race
9%
1988 Family Computer Disk System Famicom Grand Prix II: 3D Hot Rally
9%
2004 Game Boy Advance Famicom Mini: Mario Bros.
9%
2004 Game Boy Advance Famicom Mini: Super Mario Bros. 2
9%
2004 Game Boy Advance Famicom Mini: Wrecking Crew
9%
1984 Family Computer Family BASIC
9%
2011 Wii Fortune Street
9%
1997 Game Boy Game & Watch Gallery
9%
1997 Game Boy1998 Game Boy Color Game & Watch Gallery 2
9%
1999 Game Boy Color Game & Watch Gallery 3
9%
2002 Game Boy Advance Game & Watch Gallery 4
9%
2007 Nintendo DS Itadaki Street DS
9%
2013 Nintendo 3DS Mario and Donkey Kong: Minis on the Move
9%
2000 Nintendo 64DD Mario Artist: Talent Studio
9%
2014 Nintendo 3DS Mario Golf: World Tour
9%
2013 Arcade Mario Kart Arcade GP DX
9%
2017 Arcade Mario Kart Arcade GP VR
9%
1997 Browser Mario Net Quest
9%
1998 Nintendo 64 Mario no Photopi
9%
1996 PC Mario's FUNdamentals
9%
1995 PC Mario's Game Gallery
9%
2011 Wii2012 Nintendo 3DS Mario & Sonic at the London 2012 Olympic Games
9%
2016 Arcade2016 Nintendo 3DS 2016 Wii U Mario & Sonic at the Rio 2016 Olympic Games
9%
2013 Wii U Mario & Sonic at the Sochi 2014 Olympic Winter Games
9%
2017 Nintendo 3DS Mario Sports Superstars
9%
1995 Virtual Boy Mario's Tennis
9%
2005 GameCube Mario Superstar Baseball
9%
2012 Nintendo 3DS Mario Tennis Open
9%
2005 Game Boy Advance Mario Tennis: Power Tour
9%
1991 Game & Watch Mario the Juggler
9%
2010 Nintendo DS Mario vs. Donkey Kong: Mini-Land Mayhem!
9%
2015 Wii U2015 Nintendo 3DS Mario vs. Donkey Kong: Tipping Stars
9%
1993 Super Family Computer Mario & Wario
9%
1987 Nintendo Entertainment System Mike Tyson's Punch-Out!!
9%
2017 Switch Minecraft: Nintendo Switch Edition
9%
2016 Wii U Minecraft: Wii U Edition
9%
2001 Game Boy Color Mobile Golf
9%
2005 GameCube NBA Street V3
9%
1991 Nintendo Entertainment System1991 Arcade NES Open Tournament Golf
9%
2013 Wii U NES Remix
9%
2014 Wii U NES Remix 2
9%
2003 GameCube Nintendo Puzzle Collection
9%
1996 Game Boy Picross 2
9%
1984 Family Computer 1985 Nintendo Entertainment System 1989 Family Computer Disk System 2003 Nintendo e-Reader Pinball
9%
1990 Nintendo Entertainment System Punch-Out!!
9%
1987 Nintendo Entertainment System Punch-Out!! (Gold Version)
9%
2015 Nintendo 3DS Puzzle & Dragons Z + Super Mario Bros. Edition
9%
2005 GameCube SSX on Tour
9%
1994 Super Nintendo Entertainment System Super Mario All-Stars + Super Mario World
9%
2004 Game Boy Advance Super Mario Ball
9%
1991 PC Super Mario Bros. & Friends: When I Grow Up
9%
2004 Arcade Super Mario Fushigi no Korokoro Party
9%
1992 Nelsonic Game Watch Super Mario Race
9%
1984 Family Computer1985 Nintendo Entertainment System 1985 NEC PC-8801 1985 Sharp X1 1985 MZ-1500 1986 Family Computer Disk System 1986 Arcade 1989 Game Boy 2002 Nintendo e-Reader Tennis
9%
1989 Game Boy1998 Game Boy Color | 1989 Nintendo Entertainment System Tetris
9%
1994 Super Nintendo Entertainment System Tetris & Dr. Mario
9%
2006 Nintendo DS Tetris DS
9%
2014 Nintendo 3DS Ultimate NES Remix
9%
1995 Satellaview Undake 30 Same Game
9%
1990 Arcade Vs. Dr. Mario
9%
1985 Arcade Vs. Wrecking Crew
9%
1998 Super Family Computer Wrecking Crew '98
9%
2005 Nintendo DS Yakuman DS
9%
1997 Nintendo 64 64 de Hakken!! Tamagotchi: Minna de Tamagotchi World
0%
1997 Satellaview BS Mario Paint: Yuu Shou Naizou Ban
0%
2001 Nintendo 64 Doubutsu No Mori
0%
2003 GameCube Doubutsu No Mori e+
0%
1998 Super Family Computer Famicom Detective Club: The Girl Who Stands Behind
0%
1985 Family Computer Family BASIC v3.0
0%
1987 Family Computer Disk System Family Computer Golf: Japan Course
0%
1987 Family Computer Disk System Family Computer Golf: U.S. Course
0%
2006 Nintendo DS Game & Watch Collection
0%
2008 Nintendo DS Game & Watch Collection 2
0%
1988 Family Computer Disk System Kaettekita Mario Bros.
0%
1996 PC Mario's Time Machine Deluxe
0%
2017 Switch Namco Museum
0%
2003 GameCube Pac-Man Vs.
0%
1990 Game Boy Qix
0%
1991 Nelsonic Game Watch Super Mario Bros. 4
0%
1992 Super Nintendo Entertainment System Super Scope 6
0%
1984 Arcade Vs. Golf
0%
1984 Arcade Vs. Pinball
0%
1984 Arcade Vs. Tennis
0%
No matching quizzes found
Score Distribution
Percent of People with Each Score
Percentile by Number Answered
Your Score History
You have not taken this quiz since the last reset